| 000 | 01169nam a22003137a 4500 | ||
|---|---|---|---|
| 001 | 0014879 | ||
| 003 | KOHA_MİRAKIL | ||
| 005 | 20260207002010.0 | ||
| 007 | ta | ||
| 008 | 100309b2006 tu |||gr||||#||||0|tur | | ||
| 020 |
_a97525452532 _c0,01 |
||
| 040 |
_aTR-BiSEU _btur _cTR-BiSEU _erda |
||
| 041 | 0 | _atur | |
| 044 | _ctu | ||
| 050 |
_aHD6181.93 _b.K33 2006 |
||
| 111 | 2 |
_aKadın istihdamı zirvesi (2006 : İstanbul) _934649 |
|
| 240 | 1 | 0 |
_aWomen's employment summit, 10-11 Şubat February, 2006, İstanbul _lTürkçe |
| 245 | 1 |
_aKadın istihdamı zirvesi = _bWomen's employment summit, 10-11 Şubat February, 2006, İstanbul. |
|
| 264 | 1 |
_aİstanbul : _bTürkiye İşveren Sendikaları Konfederasyonu _c2006 |
|
| 300 | _a314 sayfa: resimli; 25 cm. | ||
| 336 |
_ametin _btxt _2rdacontent |
||
| 337 |
_aaracısız _bn _2rdamedia |
||
| 338 |
_acilt _bnc _2rdacarrier |
||
| 490 | 1 |
_aTürkiye İşveren Sendikaları Konfederasyonu ; _vyayın no: 266. |
|
| 650 | 0 |
_aWomen--Employment--Turkey. _927969 |
|
| 650 | 0 |
_aEqual pay for equal work--Turkey. _934650 |
|
| 830 | 1 |
_aTürkiye İşveren Sendikaları Konfederasyonu ; _vyayın no: 266. _925162 |
|
| 942 |
_2lcc _cBK |
||
| 999 |
_c14842 _d14842 |
||